Writing-s- at the crossroads: the process-product interface
Guardat en:
| Autor principal: | |
|---|---|
| Format: | Llibre |
| Idioma: | anglès |
| Publicat: |
Amsterdam
John Benjamins Publishing Company
2015
|
| Edició: | 1a. ed |
| Matèries: | |
| Etiquetes: |
Afegir etiqueta
Sense etiquetes, Sigues el primer a etiquetar aquest registre!
|
MARC
| LEADER | 00000cam a2200000 a 4500 | ||
|---|---|---|---|
| 001 | UCC0350 | ||
| 003 | CL-VaPUC | ||
| 008 | 170804e20150000ne |||||||||||||||||eng|d | ||
| 020 | |a 9789027212238 | ||
| 082 | 0 | 4 | |a 410 |b CIS |2 21 |
| 100 | 0 | |a Cislaru, Georgeta |e author |9 594279 | |
| 245 | 1 | 0 | |a Writing-s- at the crossroads: the process-product interface |
| 250 | |a 1a. ed | ||
| 300 | |a 304 p | ||
| 942 | |c BK | ||
| 945 | |d 20170804 10:39:00 |a arojas | ||
| 260 | |a Amsterdam |b John Benjamins Publishing Company |c 2015 | ||
| 650 | 0 | |a Análisis lingüístico |9 314711 | |
| 650 | 0 | |a Escritura |9 264941 | |
| 650 | 0 | |a Enseñanza de la escritura |9 307377 | |
| 583 | |a last modification |c 20170804 10:39:00 |k Rodrigo Vera | ||
| 999 | |c 369206 |d 369204 | ||
| 952 | |0 0 |1 0 |3 erd |4 0 |6 410_000000000000000_CIS_2015 |7 0 |8 A |9 484801 |a FDOPOS |b FDOPOS |i 5412862 |o 410 CIS 2015 |p 5412862 |r 2025-01-22 |w 2019-11-24 |y BK |z Catalogado en:20170804 |k DLA | ||